| Tag |
First Indicator |
Second Indicator |
Subfields |
| LEADER |
00000cam a2200000 a 4500 |
| 001 |
in00000027973 |
| 005 |
20151007054659.0 |
| 008 |
871009s1988 nyu 00011 eng |
| 010 |
|
|
|a 87045633
|
| 020 |
|
|
|a 0060158638 :
|c $15.95
|
| 035 |
|
|
|a (OCoLC)16900347
|
| 035 |
|
|
|9 AAB5920AM
|
| 040 |
|
|
|a DLC
|c DLC
|d TXA
|d UtOrBLW
|
| 049 |
|
|
|a TXAM
|c 1 [A11503979]
|c 2 [A11866270]
|
| 050 |
0 |
0 |
|a PS3561.I496
|b B44 1988
|
| 082 |
0 |
|
|a 813/.54
|2 19
|
| 100 |
1 |
|
|a Kingsolver, Barbara.
|
| 245 |
1 |
4 |
|a The bean trees :
|b a novel /
|c by Barbara Kingsolver.
|
| 250 |
|
|
|a 1st ed.
|
| 264 |
|
1 |
|a New York :
|b Harper & Row,
|c [1988]
|
| 264 |
|
4 |
|c ©1988
|
| 300 |
|
|
|a 232 pages ;
|c 22 cm.
|
| 336 |
|
|
|a text
|b txt
|2 rdacontent
|
| 337 |
|
|
|a unmediated
|b n
|2 rdamedia
|
| 338 |
|
|
|a volume
|b nc
|2 rdacarrier
|
| 999 |
|
|
|a MARS
|
| 999 |
f |
f |
|s 26579528-6767-3f09-83d3-ca51ea531939
|i e91e36fe-3a27-3e07-aa27-6081cae5b650
|t 0
|
| 952 |
f |
f |
|p normal
|a Texas A&M University
|b College Station
|c Sterling C. Evans Library
|d Evans: Library Stacks
|t 0
|e PS3561.I496 B44 1988
|h Library of Congress classification
|i unmediated -- volume
|m A14811503979
|
| 998 |
f |
f |
|a PS3561.I496 B44 1988
|t 0
|l Evans: Library Stacks
|